Kepuasan kerja di kalangan pegawai pendidikan bahagian sekolah kementerian pendidikan Malaysia /
Saved in:
| Main Author: | |
|---|---|
| Format: | Thesis Book |
| Language: | Malay |
| Published: |
2000.
|
| Subjects: | |
| Tags: |
Add Tag
No Tags, Be the first to tag this record!
|
| LEADER | 01080cam a2200277 i 4500 | ||
|---|---|---|---|
| 001 | u1124966 | ||
| 003 | SIRSI | ||
| 005 | 201910211226 | ||
| 008 | 191021s20002000my a m 000 0 may | ||
| 040 | |a UMD |e rda | ||
| 080 | |a LB7 A7 UM 2000 Mal | ||
| 100 | 0 | |a Malek Hj. Kasdu. | |
| 245 | 1 | 0 | |a Kepuasan kerja di kalangan pegawai pendidikan bahagian sekolah kementerian pendidikan Malaysia / |c Malek Hj. Kasdu. |
| 264 | 1 | |c 2000. | |
| 300 | |a vii, 88 leaves : |b illustrations. ; |c 30 cm. | ||
| 502 | |b M.Ed.PA. |c Jabatan Pengurusan Pendidikan, Perancang Dan Dasar, Fakulti Pendidikan, Universiti Malaya |d 2000. | ||
| 504 | |a Bibliography: leaves 76-79. | ||
| 650 | 0 | |a Job satisfaction |z Malaysia. | |
| 650 | 0 | |a Career education |z Malaysia. | |
| 710 | 2 | |a Universiti Malaya. |b Fakulti Pendidikan. |e degree granting institution. | |
| 901 | |a 1 copy in (UMD). | ||
| 336 | |a text |2 rdacontent | ||
| 337 | |a unmediated |2 rdamedia | ||
| 338 | |a volume |2 rdacarrier | ||
| 596 | |a 8 | ||
| 999 | |a LB7 A7 UM 2000 MAL |w LC |c 1 |i A517313718 |d 11/3/2020 |f 11/3/2020 |g 2 |l STACKS |m P08PENDIDI |q 2 |r Y |s Y |t TESIS |u 6/3/2020 |1 AHSS | ||
